000
00314nam a2200133Ia 4500
008
190723s9999 xx 000 0 und d
020
_a
978-93-325-8549-2
100
_a
James F. Kurose
245
0
_a
Computer Networking
250
_a
6th
260
_a
Uter Pardesh
_b
Pearson
_c
2017
300
_a
888.:p
942
_c
BK
999
_c
1778
_d
1778